Photographic chemicals and chemistry /

Bibliographic Details
Main Authors: Southworth, J., Bentley, Thomas Leslie James (Author)
Format: Book
Language:English
Published: New York : Pitman, [1948]
Edition:2d ed.
Subjects:

MARC

Tag First Indicator Second Indicator Subfields
LEADER 00000cam a2200000I 4500
001 in00000035971
005 20151007063557.0
008 760423s1948 nyu 000 0 eng d
035 |a (OCoLC)ocm02134097 
035 |a (OCoLC)02134097 
035 |9 AAD7724AM 
040 |a CSU  |c CSU  |d UtOrBLW 
049 |a TXAM  |c [164052] 
090 |a TR210  |b .S6 1948 
100 1 |a Southworth, J. 
245 1 0 |a Photographic chemicals and chemistry /  |c by J. Southworth and T. L. J. Bentley. 
250 |a 2d ed. 
264 1 |a New York :  |b Pitman,  |c [1948] 
300 |a viii, 128 pages ;  |c 19 cm. 
336 |a text  |b txt  |2 rdacontent 
337 |a unmediated  |b n  |2 rdamedia 
338 |a volume  |b nc  |2 rdacarrier 
500 |a "Second edition." 
500 |a "First edition, 1927. Reprinted, 1933 ... 1938." 
650 0 |a Photographic chemistry. 
700 1 |a Bentley, Thomas Leslie James,  |e author. 
994 |a E0  |b TXA 
999 |a MARS 
999 f f |s 70415b2b-f633-3827-bd77-9057c2d66b2d  |i 01232ebf-4faf-3b04-8582-d854359e0ceb  |t 0 
952 f f |p ric  |a Texas A&M University  |b Rellis Campus  |c Joint Library Facility  |d Remote Storage  |t 0  |e TR210 .S6 1948  |h Library of Congress classification  |i unmediated -- volume  |m A14801160884 
998 f f |a TR210 .S6 1948  |t 0  |l Remote Storage